Statistics for Countries That Share A Name With Their Capital

Click here to take the quiz!

General Stats

  • This quiz has been taken 34 times
  • The average score is 8 of 10

Answer Stats

CountryCapital% Correct
?Vatican City
94%
?Mexico City
88%
?San Marino
85%
?Panama City
79%
?Andorra La Vella
76%
?Guatemala City
76%
?Kuwait City
76%
?Luxembourg
76%
?Singapore
70%
?Djibouti
48%

Score Distribution

Percentile by Number Answered

Percent of People with Each Score

Your Score History

You have not taken this quiz